000 00529nam a2200181Ia 4500
001 15696
005 20260306170215.0
008 260306t1997||||xx |||||||||||||| ||und||
041 _aESP
082 _a577
_bS39
100 _aSeoanez Calvo, Mariano
_eAUT
245 0 _aEcología industrial:
_bingeniería medioambiental aplicada a la industria y a la empresa. Manual para responsables medioambientales
260 _c1997
300 _a522 páginas :
_c24 cm.
650 _aGEN
654 _aCIA
942 _cLIB
_dJUS
_fJUS
_2ddc
_n
999 _c15696
_d15696